Heliport

Uložené v:
Podrobná bibliografia
Hlavný autor: Zelenák, Jaroslav (Autor)
Ďalší autori: Jakeš, Erik (Vedúci práce)
Médium: Rukopis Kniha
Jazyk:Slovak
Vydavateľské údaje: 2015
Predmet:
On-line prístup:http://is.stuba.sk/zp/portal_zp.pl?podrobnosti=110616
https://opac.crzp.sk/?fn=detailBiblioForm&sid=A7BD2F096A49022F2FC39337FE46
Tagy: Pridať tag
Žiadne tagy, Buďte prvý, kto otaguje tento záznam!

MARC

LEADER 00000ntm a22000003a 4500
001 stuzp50854
003 SK-STU
005 20231115112208.6
007 ta
008 150427s2015----xo-----f-mn---000-0-slo-d
040 |a STU  |b slo 
041 0 |a slo 
100 1 |a Zelenák, Jaroslav  |u 010180  |4 aut  |U SvF Stavebná fakulta  |T SvF Katedra konštrukcií pozemných stavieb  |X 59342  |U V180  |Y 18  |7 A000059342 
242 0 1 |a Heliport  |y eng 
245 1 0 |a Heliport 
260 |c 2015 
650 4 |a diplomová práca  |2 slo 
650 4 |a realizačný projekt  |2 slo 
650 4 |a prevetrávaná fasáda  |2 slo 
650 4 |a helikoptéra  |2 slo 
650 4 |a extenzívna vegetačná strecha  |2 slo 
650 4 |a Heliport  |2 slo 
650 4 |a Heliport  |2 eng 
650 4 |a realization project  |2 eng 
650 4 |a helicopters  |2 eng 
650 4 |a extensive vegetation roof  |2 eng 
650 4 |a purged facade  |2 eng 
650 4 |a diploma work  |2 eng 
700 1 |a Jakeš, Erik  |4 ths  |X 2701  |7 A000002701 
856 4 |u http://is.stuba.sk/zp/portal_zp.pl?podrobnosti=110616 
856 4 |u https://opac.crzp.sk/?fn=detailBiblioForm&sid=A7BD2F096A49022F2FC39337FE46 
SQL |a stuzp50854  |b DDP  |c SLO  |d Heliport  |e 59342  |f Zelenák, Jaroslav  |g 010180  |h 2701  |i Jakeš, Erik  |j 20150618  |k 8  |l 01  |m http://is.stuba.sk/zp/portal_zp.pl?podrobnosti=110616  |n I-AKP  |o 5.1.4. pozemné stavby